| 000 | 02559nam a2200301Ka 4500 | ||
|---|---|---|---|
| 001 | 000001585 | ||
| 003 | DO-SdBNP | ||
| 005 | 20240229173356.0 | ||
| 008 | 090623t2007 dr abcd 001 0 spa d | ||
| 020 | _a9789945000993 | ||
| 020 | _a9945000993 | ||
| 040 |
_aDO-SdBNP _bspa _cBNPHU |
||
| 090 |
_a972.93697 _bC343m |
||
| 100 | 1 |
_aCassá Bernaldo de Quirós, Constancio, _d1953- _95204 |
|
| 245 | 1 | 0 |
_aMás relatos sobre Constanza / _cConstancio Cassá ; presentación Bernardo Vega. |
| 260 |
_aSanto Domingo : _bAyuntamiento Municipal de Constanza, _c2007. |
||
| 300 |
_a273 p. : _bil.,facsíms., retrs.,tablas ; _c24 cm. |
||
| 500 | _aIncluye índice onomástico. | ||
| 504 | _aIncluye bibliografía y notas al pie de páginas. | ||
| 504 | _aBibliografía : p. 241-246. | ||
| 505 | 0 |
_gPresentación / _rBernardo Vega -- _gIntroducción -- _gLos Colonos Inmigrantes : _tLas primeras colonias agrícolas -- _tLas motivaciones de Trujillo para establecer colonias agrícolas -- _tInician las colonias -- _tLos inmigrantes en Constanza -- _tLos árabes -- _tLos españoles -- _tLos japoneses -- _tLos húngaros -- _tResultados de la política migratoria de Trujillo -- _gEstadísticas de la Población de Constanza, Siglo XIX : _tLas familias se establecen -- _gLa Legión Extranjera Anticomunista : _tSe anuncia la creación de la Legión Extranjera Anticomunista -- _tSe organiza la legión extranjera -- _tSe contratan los legionarios -- _t¿Quiénes eran Cesen, Bogetich, Pedraza y Salas? -- _tLos legionarios se establecen en Constanza -- _tLos legionarios quieren escapar -- _tTrascienden las desapariciones de legionarios -- _tTrujillo naturaliza legionarios -- _tEmpieza el combate -- _tSe condecora a los legionarios -- _tLos que se negaron a luchar -- _tLa legión se fortalece -- _tConstanza como refugio de ladrones y asesinos -- _tTrujillo utiliza la legión extranjera fuera del país -- _tSe disuelve la legión extranjera -- _tPerfil y paradero de algunos legionarios -- _gLos Templos Ceremoniales Indígenas de los Alrededores de Constanza : _tEl templo de la loma Redonda -- _tEl templo de la loma Los Huesos -- _tEl templo de la loma Los Amaceyes -- _tSimilitudes -- _tConservación -- _gArtículos Cortos : _tEl botón -- _t¡Salvemos el río Constanza! -- _tBibliografía -- _tÍndice onomástico. |
|
| 650 | 1 | 4 |
_aCiudades y pueblos _zRepública Dominicana _9784 |
| 650 | 1 | 4 |
_aArqueología indígena _95209 |
| 651 | 0 |
_aConstanza (República Dominicana) _95208 |
|
| 700 | 1 |
_aVega, Bernardo, _d1938 - _93222 |
|
| 910 | _aValidado. Control de calidad EMS. | ||
| 942 |
_2ddc _cLBS1 |
||
| 999 |
_c1481 _d1481 |
||